[Event "Subang Jaya op 12th"]
[Site "Subang Jaya"]
[Date "2024.01.28"]
[Round "5"]
[White "Chia, Tze Chen"]
[Black "Ting, De Jun Richard"]
[Result "0-1"]
[WhiteElo "1248"]
[BlackElo "1428"]
[PlyCount "132"]
[EventDate "2024.01.27"]
[EventType "swiss"]
[EventRounds "8"]
[EventCountry "MAS"]
[SourceTitle "CB06_2024"]
[SourceDate "2024.02.07"]
[SourceVersion "1"]
[SourceVersionDate "2024.02.07"]
[SourceQuality "1"]

1. d4 d5 2. c4 e6 3. Nc3 Nf6 4. Bg5 Be7 5. e3 b6 6. Nf3 Nbd7 7. cxd5 Nxd5 8. Nxd5 exd5 9. Bxe7 Qxe7 10. Qb3 Bb7 11. Bd3 0-0 12. 0-0 Rac8 13. Rac1 c5 14. dxc5 Nxc5 15. Qa3 Qf6 16. Nd4 Nxd3 17. Qxd3 a6 18. Qf5 Qe7 19. a3 b5 20. b4 Rc4 21. Nb3 Rfc8 22. Nc5 g6 23. Qd3 f5 24. Rc2 a5 25. Rfc1 axb4 26. Nxb7 Qxb7 27. axb4 Qc6 28. Rxc4 dxc4 29. Qc3 Qd5 30. Kf1 Kf7 31. f3 Rd8 32. Ke2 Ke6 33. Qc2 Qd3+ 34. Kf2 Qd2+ 35. Kf1 Qxb4 36. Qa2 Qd2 37. Qa1 Qd3+ 38. Kf2 Rd6 39. Re1 c3 40. Qa2+ Kf6 41. Qg8 c2 42. Qf8+ Ke6 43. Qe8+ Kd5 44. e4+ fxe4 45. fxe4+ Kc4 46. Qc8+ Kb4 47. e5 Qd2+ 48. Kf1 Qxe1+ 49. Kxe1 Rd1+ 50. Ke2 c1Q 51. Qf8+ Qc5 52. Qf4+ Rd4 53. Qe3 Qc2+ 54. Kf3 Rd3 55. e6 Rxe3+ 56. Kxe3 Qc6 57. e7 Qe6+ 58. Kf3 Kc3 59. Kg3 Qxe7 60. h4 b4 61. Kh3 b3 62. g3 b2 63. Kg4 Qe6+ 64. Kf3 b1R 65. Kg2 Rb2+ 66. Kg1 Qe1# 0-1

[Event "Subang Jaya op 12th"]
[Site "Subang Jaya"]
[Date "2024.01.28"]
[Round "8"]
[White "Ting, De Jun Richard"]
[Black "Low, Chee Pang"]
[Result "1/2-1/2"]
[WhiteElo "1428"]
[BlackElo "1726"]
[PlyCount "41"]
[EventDate "2024.01.27"]
[EventType "swiss"]
[EventRounds "8"]
[EventCountry "MAS"]
[SourceTitle "CB06_2024"]
[SourceDate "2024.02.07"]
[SourceVersion "1"]
[SourceVersionDate "2024.02.07"]
[SourceQuality "1"]

1. e4 e6 2. d4 d5 3. exd5 exd5 4. Bd3 Bd6 5. c3 Ne7 6. Ne2 0-0 7. 0-0 c6 8. h3 Bf5 9. Bf4 Qc7 10. Bxd6 Qxd6 11. Qc2 g6 12. Nd2 Nd7 13. Nf3 Rfe8 14. Ng3 Bxd3 15. Qxd3 Kg7 16. Rfe1 Ng8 17. Re2 Rxe2 18. Qxe2 Qe7 19. Re1 Qxe2 20. Rxe2 Ngf6 21. Ne5 1/2-1/2